000 00267nam a2200109Ia 4500
008 220204s9999 xx 000 0 und d
082 _a681.32
_bPOA
100 _aPoakis, John G
245 0 _aDigital communications
260 _aLondon
_bMcGraw Hill
_c1983
942 _cBK
999 _c39232
_d39232